000 00576nam a2200193Ia 4500
005 20250508160500.0
008 008 250505s9999 xx 000 0 eng d
037 _aTextual
040 _aFEDL
_beng
_cFEDL
041 _aeng
_2eng
084 _a370.15, WHI
_qFEDL
100 _aWhite William F.
_984389
245 0 _aPsychosocial principles applied to classroom teaching
260 _aNew York, USA
_bMcGraw Hill Book Company
_c1969
300 _axi,228p.
650 _aEducation - Psychology
942 _cTEXL
_h370.15, WHI
999 _c1364884
_d1364884